000 01557cam a2200361 a 4500
999 _c50578
_d50578
001 14553050
005 20200207135250.0
008 060915s2007 flua b 001 0 eng
010 _a 2006049297
020 _a1584884762 (alk. paper)
020 _a1420010417
020 _a9781584884767
035 _a(OCoLC)ocm71552460
035 _a(OCoLC)71552460
040 _aDLC
_cDLC
_dBAKER
_dC#P
_dYDXCP
_dDLC
050 0 0 _aQA372
_b.S925 2007
080 _a517.9 S-97
100 1 _aSwift, Randall J.
_96873
245 1 2 _aA course in ordinary differential equations /
_cRandall J. Swift, Stephen A. Wirkus.
260 _aBoca Raton, FL :
_bChapman & Hall/CRC,
_cc2007.
300 _a667 p. :
_bill. ;
_c25 cm.
504 _aIncludes bibliographical references (p. 655-657) and index.
650 0 _aDifferential equations.
_96874
650 0 _aDifferential equations, Linear.
_96875
653 _aმათემატიკა
653 _aდიფერენციალური განტოლება
700 1 _aWirkus, Stephen Allen,
_d1971-
_96876
856 4 1 _3Table of contents only
_uhttp://www.loc.gov/catdir/toc/fy0708/2006049297.html
856 4 2 _3Publisher description
_uhttp://www.loc.gov/catdir/enhancements/fy0668/2006049297-d.html
906 _a7
_bcbc
_corignew
_d1
_eocip
_f20
_gy-gencatlg
942 _2udc
_cBK
955 _apc22 2006-09-15 RUSH to ASCD
_cjp43 2006-09-18 to subj
_aaa07 2006-09-21
_aps08 2006-11-30 1 copy rec'd., to CIP ver.
_ald08 2006-12-14 add'l. copy rec'd.
_ajp00 2006-12-20
_aja15 2007-02-01 copy 2 added